000 00643nam a22001937a 4500
005 20251108173538.0
008 250721s2004 xx 000 0 ara d
082 1 4 _a950.1/زهر
100 1 _aزهر الدين، نايف
245 1 0 _aالشرق مهد الحضارات و أرض الرسالات /
264 1 _aبيروت :
_bالمركز العربي للأبحاث و التوثيق،
_c2004.
300 _a303 ص.
650 1 7 _aتاريخ آسيا
650 1 7 _aالتاريخ الإسلامي
650 1 7 _aالحضارات القديمة
650 1 7 _aالديانات القديمة
942 _2ddc
_cBK
999 _c106450
_d106450